Top 15 Fantasy Football Seasons - Statistics

General Stats
  • This quiz has been taken 55 times
  • The average score is 12 of 15
Answer Stats
Hint Team Season Points Answer % Correct
2 49ers 2019 471 Christian McCaffrey
96%
11 Ravens 2019 415.7 Lamar Jackson
96%
9 Chiefs 2022 417.4 Patrick Mahomes
96%
10 Chiefs 2018 417.1 Patrick Mahomes
96%
12 Rams 2006 415.4 Steven Jackson
96%
15 Cowboys 2023 403 CeeDee Lamb
89%
7 Rams 2021 439 Cooper Kupp
87%
13 Broncos 2013 410 Peyton Manning
87%
1 Chargers 2006 481 LaDanian Tomlinson
85%
5 Chargers 2003 443 LaDanian Tomlinson
85%
3 Rams 2000 459 Marshall Faulk
64%
8 Rams 2001 419 Marshall Faulk
64%
14 Cardinals 2016 407 David Johnson
62%
4 Chiefs 2003 445 Priest Holmes
57%
6 Chiefs 2002 440 Priest Holmes
57%
No matching quizzes found
Score Distribution
Percent of People with Each Score
Percentile by Number Answered
Your Score History
You have not taken this quiz